000
00270nam a22001097a 4500
040
_c
SY
082
_a
519
100
_a
អ៊ុន ប៊ុនលាង
245
_a
Probabilty, ប្រូបាប៊ីលីតេ
260
_a
RUA
_b
អ៊ុន
_c
2001
942
_c
KB
999
_c
9914
_d
9914